Most Winter Olympic Medals Per Sport - Statistics

General Stats
  • This quiz has been taken 42 times
    34 since last reset
  • The average score is 13 of 19
Answer Stats
Hint Gold Medals Country % Correct
Ice Hockey 14 Canada
97%
Biathlon 22 Norway
94%
Cross-Country Skiing 4 Norway
94%
Curling 6 Canada
91%
Nordic Combined 18 Norway
91%
Ski Jumping 14 Norway
91%
Figure Skating 17 United States
91%
Alpine Skiing 42 Austria
85%
Snowboarding 17 United States
85%
Bobsleigh 16 Germany
82%
Luge 7 Germany
73%
Speed Skating 50 Netherlands
67%
Freestyle Skiing 4 Canada
61%
Skeleton 2 United States/Canada
58%
Short Track Speed Skating 3 Canada
55%
Ski Mountaineering 1 Spain
39%
Alpinism 1 United Kingdom/Germany/Switzerland
33%
Special Figures 1 Russian Empire
18%
Military Patrol 1 Switzerland
15%
No matching quizzes found
Score Distribution
Percent of People with Each Score
Percentile by Number Answered
Your Score History
You have not taken this quiz since the last reset